Normal view
MARC view
- TRANSFORMATION
Entry Topical Term
001 - CONTROL NUMBER
- control field: 73623
003 - CONTROL NUMBER IDENTIFIER
- control field: NUST
005 - DATE AND TIME OF LATEST TRANSACTION
- control field: 20210628205040.0
008 - FIXED-LENGTH DATA ELEMENTS
- fixed length control field: 210628|| aca||aabn | a|a d
040 ## - CATALOGING SOURCE
- Original cataloging agency: NUST
- Transcribing agency: NUST
150 ## - HEADING--TOPICAL TERM
- Topical term or geographic name entry element: TRANSFORMATION
670 ## - SOURCE DATA FOUND
- Source citation: Work cat.: (NUST): Paularikas, Alexendar D 73622, The transforms and application handbook, 1996
